| 000 | 01400nam a2200301 i 4500 | ||
|---|---|---|---|
| 001 | 176629 | ||
| 003 | ES-MaACL | ||
| 005 | 20250308193616.0 | ||
| 008 | 110127s2010 sp ao |||| | spa d | ||
| 080 | _a75.036(460.251 C.)(083.824) | ||
| 245 | 0 | 0 |
_aCáceres 2016 _b: miradas [exposición] / _c[Juan Carlos Blanco Sánchez ... et al. ; selección poética, Esteban Cortijo, traducida al portugués por Mercedes Nevado ; fotografías para el catálogo y portada, Juan Carlos Blanco Sánchez]. |
| 260 |
_a[Cáceres : _bAteneo de Cáceres : _bConsorcio de Cáceres 2016, _c2010?] |
||
| 300 |
_a35 p. : _bil. col. , fot. col. ; _c15 cm. |
||
| 500 | _aTít. tomado de cub. | ||
| 500 | _aEn el Ateneo de Madrid (c/ Prado, 21) del 2 al 15 de noviembre, 2010. Inauguración: viernes 5 de noviembre a las 19,30 por Dña. Carmen Heras, alcaldesa de Cáceres. | ||
| 546 | _aTexto en español y portugués. | ||
| 610 | 2 | 4 |
_aAteneo de Madrid- _vExposiciones- _y2010-2019. _9144911 |
| 651 | 4 |
_aCáceres- _xEn el arte- _vExposiciones. _9144905 |
|
| 655 | 7 |
_2tgfbne _9193628 _aCatálogos de exposiciones |
|
| 700 | 1 |
_aBlanco Sánchez, Juan Carlos. _9144903 |
|
| 700 | 0 |
_aCortijo, Esteban _d1952- _9238058 |
|
| 700 | 1 |
_aNevado, Mercedes. _9144904 |
|
| 710 | 2 |
_aAteneo de Cáceres. _91859 |
|
| 710 | 2 |
_aAteneo de Madrid. _91875 |
|
| 852 |
_aES-MaACL _j2270-F-18 |
||
| 942 | _2udc | ||
| 999 |
_c176629 _d176629 |
||